Tango starej gardy

Na minha lista:
Detalhes bibliográficos
Autor principal: Pérez-Reverte, Arturo
Outros Autores: Tužinská, Sofia, 1973-
Formato: Livro
Idioma:eslovaco
Publicado em: Bratislava Slovart 2014
Edição:1. vyd.
Assuntos:
Tags: Adicionar Tag
Sem tags, seja o primeiro a adicionar uma tag!

MARC

LEADER 00000nam a2200000 4500
001 0199253
005 20240502073352.6
020 |a 978-80-556-1099-3 
041 0 |a slo 
044 |a SK 
245 1 0 |a Tango starej gardy  |c Arturo Pérez-Reverte ; zo španielčiny preložila Sofia Tužinská 
250 |a 1. vyd. 
264 1 |a Bratislava  |b Slovart  |c 2014 
300 |a 445 s. [18 AH] 
610 2 0 |a literatúra 
610 2 0 |a španielčina 
100 1 |a Pérez-Reverte, Arturo 
700 1 |a Tužinská, Sofia, 1973-